00828cam a22002057a 450000100100000000500170001000800410002702000150006804000250008308200190010810000360012724500540016326000630021730000210028065000300030165000320033195201220036395201220048599900150060700000510620200929151600.0980610s1988 sp 000 0 spa  a9589180728 aDO-SdBNPbspacBNPHU aC861.44bG633c1 aGómez, Eduardo,d1935-91464014aLas claves secretas :bpoemas /cEduardo Gómez. aSantafé de Bogotá, Colombia :bTrilce Editores,c1988. a100 p. ;c21 cm. 4aPoesía colombiana93742 4aLiteratura colombiana91244 001052708MOaGRbGRcCTd2009-07-29iLF1l0oC861.44 G633cp5106-10r2020-06-25w2020-06-25y2ZPréstamo interno 001052708MOaGRbGRcHDd2017-06-05iLF1l0oC861.44 G633cp5106-20r2020-06-25w2020-06-25y2ZPréstamo interno c4909d4909